[Event "Catalunya-ch U14"]
[Site "Sabadell"]
[Date "2010.02.20"]
[Round "5"]
[White "Sanchez Utrera, Raul"]
[Black "Esturillo Ardiaca, David"]
[Result "1-0"]
[WhiteElo "1753"]
[BlackElo "1700"]
[PlyCount "95"]
[EventDate "2010.01.16"]
[EventType "swiss"]
[EventRounds "6"]
[EventCountry "ESP"]
[SourceTitle "EXT 2024"]
[Source "ChessBase"]
[SourceDate "2023.10.10"]
[SourceVersion "1"]
[SourceVersionDate "2023.10.10"]
[SourceQuality "1"]

1. Nf3 Nc6 2. e3 Nf6 3. d4 d5 4. Bb5 a6 5. Bxc6+ bxc6 6. Ne5 Qd6 7. 0-0 Bf5 8. Nc3 Ne4 9. Nxe4 Bxe4 10. f3 Bf5 11. b3 e6 12. g4 f6 13. gxf5 fxe5 14. fxe6 Qxe6 15. Bb2 Bd6 16. dxe5 Bxe5 17. Bxe5 Qxe5 18. Qd4 Qg5+ 19. Kf2 0-0 20. Rg1 Qf6 21. Qg4 Rf7 22. Rad1 Raf8 23. Rg3 Qxf3+ 24. Rxf3 Rxf3+ 25. Ke2 Rf2+ 26. Kd3 Rxh2 27. Rg1 Rf7 28. Qg3 Rhf2 29. Rg2 R2f3 30. Qg4 Rf1 31. Ke2 g6 32. Qg3 c5 33. Qg4 R1f5 34. e4 Rf4 35. Qc8+ Kg7 36. Rg4 Rxe4+ 37. Rxe4 dxe4 38. Qe6 h5 39. Qxe4 Kh6 40. Qe6 Rf5 41. Qe3+ g5 42. Qe6+ Kg7 43. Qxf5 Kh6 44. Kd3 h4 45. Qg4 Kg6 46. Kc4 Kf6 47. Kxc5 Ke5 48. Qxg5+ 1-0

[Event "Catalunya-ch U14"]
[Site "Sabadell"]
[Date "2010.02.06"]
[Round "4"]
[White "Siles Blanco, Jose"]
[Black "Sanchez Utrera, Raul"]
[Result "1-0"]
[WhiteElo "1700"]
[BlackElo "1753"]
[PlyCount "93"]
[EventDate "2010.01.16"]
[EventType "swiss"]
[EventRounds "6"]
[EventCountry "ESP"]
[SourceTitle "EXT 2024"]
[Source "ChessBase"]
[SourceDate "2023.10.10"]
[SourceVersion "1"]
[SourceVersionDate "2023.10.10"]
[SourceQuality "1"]

1. e4 c5 2. Nc3 Nc6 3. g3 Nf6 4. Nf3 d6 5. d3 Be6 6. Bg2 Qd7 7. 0-0 Bh3 8. Bxh3 Qxh3 9. Ne2 Nd4 10. Nf4 Ng4 11. Nxh3 Nxf3+ 12. Qxf3 Ne5 13. Qh5 g6 14. Qe2 Bg7 15. c3 0-0 16. d4 cxd4 17. cxd4 Nc6 18. d5 Nd4 19. Be3 Nxe2+ 20. Kg2 Bxb2 21. Rab1 Bd4 22. Bxd4 Nxd4 23. Rxb7 Rfe8 24. f4 a5 25. Rf2 Rab8 26. Rfb2 Rxb7 27. Rxb7 Rc8 28. Nf2 Rc2 29. Rb8+ Kg7 30. a4 Rc4 31. Re8 Rc7 32. Ra8 Nb3 33. e5 dxe5 34. fxe5 Rc5 35. Rd8 h5 36. Nd3 Rc2+ 37. Kh3 Rd2 38. Nf4 Nc5 39. d6 exd6 40. Rxd6 Rxd6 41. exd6 Kf6 42. g4 hxg4+ 43. Kxg4 Ke5 44. Nd3+ Nxd3 45. d7 Nf2+ 46. Kg3 Ne4+ 47. Kg2 1-0

[Event "Catalunya-ch U14"]
[Site "Sabadell"]
[Date "2010.01.30"]
[Round "3"]
[White "Sanchez Utrera, Raul"]
[Black "Vilasaro Ruiz, Laia"]
[Result "1-0"]
[WhiteElo "1753"]
[BlackElo "1700"]
[PlyCount "133"]
[EventDate "2010.01.16"]
[EventType "swiss"]
[EventRounds "6"]
[EventCountry "ESP"]
[SourceTitle "EXT 2024"]
[Source "ChessBase"]
[SourceDate "2023.10.10"]
[SourceVersion "1"]
[SourceVersionDate "2023.10.10"]
[SourceQuality "1"]

1. Nf3 d5 2. e3 Nf6 3. b3 Nc6 4. d4 e6 5. Bb2 Bd6 6. Nc3 0-0 7. Bb5 Bd7 8. Bxc6 Bxc6 9. Ne5 Qe8 10. f4 Bb4 11. Qe2 a6 12. 0-0-0 Bb5 13. Nxb5 axb5 14. c3 Bd6 15. Kb1 c6 16. g4 h6 17. h4 Ne4 18. Qf3 Ra7 19. Kc2 Qd8 20. g5 f6 21. gxf6 Nxf6 22. Qg3 b6 23. Nxc6 Nh5 24. Qg6 Qe8 25. Qxe8 Rxe8 26. Nxa7 Be7 27. Nxb5 Ng3 28. Nc7 Rc8 29. Rhg1 Bxh4 30. Nxe6 Nf5 31. Rg4 Bf6 32. Rdg1 Nxe3+ 33. Kd2 Nxg4 34. Rxg4 Ra8 35. a4 Ra7 36. Ba3 Kf7 37. Nf8 h5 38. Rg2 h4 39. Nh7 h3 40. Rh2 Kg6 41. Nxf6 Kxf6 42. Rxh3 Kf5 43. Rg3 Kxf4 44. Rg6 Rb7 45. Bf8 Kf5 46. Rxg7 Rb8 47. Bd6 Rd8 48. Bc7 Rh8 49. b4 Kf6 50. Be5+ Kf5 51. Rf7+ Ke6 52. Bxh8 Kxf7 53. a5 bxa5 54. bxa5 Kg8 55. a6 Kxh8 56. a7 Kg7 57. a8Q Kf6 58. Qc6+ Kf5 59. Qxd5+ Kf4 60. Ke2 Kg4 61. Qf7 Kg5 62. Ke3 Kg4 63. Qf6 Kh5 64. Qg7 Kh4 65. Kf3 Kh5 66. Kf4 Kh4 67. Qg4# 1-0